Understanding war: its implications and effects (Record no. 477566)

000 -LEADER
fixed length control field 00393cam a22001337a 4500
008 - FIXED-LENGTH DATA ELEMENTS--GENERAL INFORMATION
fixed length control field 180718bnd xxu||||| |||| 00| 0 eng d
082 ## - DEWEY DECIMAL CLASSIFICATION NUMBER
Classification number D4 L965
100 ## - MAIN ENTRY--PERSONAL NAME
Personal name Ludra, Thakur Kuldip S.
245 ## - TITLE STATEMENT
Title Understanding war: its implications and effects
Statement of responsibility, etc. by Thakur Kuldip S. Ludra
260 ## - PUBLICATION, DISTRIBUTION, ETC.
Place of publication, distribution, etc. Chandigarh
Name of publisher, distributor, etc. LT. Col. Thakur Kuldip S. Ludra
Date of publication, distribution, etc. nd
300 ## - PHYSICAL DESCRIPTION
Extent 420p.
500 ## - GENERAL NOTE
General note Rs600.00
650 ## - SUBJECT ADDED ENTRY--TOPICAL TERM
Topical term or geographic name entry element War
Holdings
Withdrawn status Lost status Damaged status Not for loan Permanent Location Current Location Date acquired Full call number Barcode Date last seen Price effective from Koha item type
        Indian Institute of Public Administration Indian Institute of Public Administration 2018-08-04 D4 L965 GR12920 2018-08-04 2018-08-04 GR

Powered by Koha